Úroveň a variabilita finančných výsledkov hospodárskych odvetví SR
Finančné výsledky podnikateľských subjektov ako odraz podnikateľského prostredia. Poukázanie na to, do akej miery je podnikateľské prostredie prínosom, alebo prekážkou pre rôzne podnikateľské aktivity. Rôzne spôsoby vyjadrenia variability výsledkov.
Gespeichert in:
| 1. Verfasser: | |
|---|---|
| Format: | Buchkapitel |
| Sprache: | Slowakisch |
| Schlagworte: | |
| Tags: |
Keine Tags, Fügen Sie das erste Tag hinzu!
|
MARC
| LEADER | 00000nla a2200000 4500 | ||
|---|---|---|---|
| 001 | 0239748 | ||
| 005 | 20240502073904.2 | ||
| 041 | 0 | |a slo | |
| 044 | |a SK | ||
| 245 | 1 | 0 | |a Úroveň a variabilita finančných výsledkov hospodárskych odvetví SR |c Alena Tóthová |
| 520 | |a Finančné výsledky podnikateľských subjektov ako odraz podnikateľského prostredia. Poukázanie na to, do akej miery je podnikateľské prostredie prínosom, alebo prekážkou pre rôzne podnikateľské aktivity. Rôzne spôsoby vyjadrenia variability výsledkov. | ||
| 610 | 2 | 0 | |a výsledok hospodársky |
| 610 | 2 | 0 | |a ukazovatele finančné |
| 610 | 2 | 0 | |a ukazovatele ekonomické |
| 610 | 2 | 0 | |a prostredie podnikateľské |
| 610 | 2 | 0 | |a hospodárstvo národné |
| 610 | 2 | 0 | |a hospodárstvo podnikové |
| 610 | 2 | 0 | |a ukazovatele štatistické |
| 100 | 1 | |a Tóthová, Alena, 1968- | |